000 00579nam a2200145Ia 4500
008 100415s9999 xx 000 0 und d
082 _b18872
_a595.78(54)
100 _aBINGHAM C.T.
245 _aFauna of British India including Ceylon and Burma vol.I : butterflies: FOR REFERENCE ONLY
260 _aLONDON
_c1905
_bTAYLOR AND FRANCIS
365 _b0
630 _aFauna of British India including Ceylon and Burma vol.I : butterflies: FOR REFERENCE ONLY
730 _aFauna of British India including Ceylon and Burma vol.I : butterflies: FOR REFERENCE ONLY
942 _cBOOK
999 _c601769
_d601766